[Event "Astrakhan op"]
[Site "Astrakhan"]
[Date "2012.08.23"]
[Round "9"]
[White "Muslimov, Evgeny"]
[Black "Steyn, Valery"]
[Result "1/2-1/2"]
[WhiteElo "2135"]
[BlackElo "2204"]
[PlyCount "49"]
[EventDate "2012.08.15"]
[EventType "swiss"]
[EventRounds "9"]
[EventCountry "RUS"]
[SourceTitle "CBM 150 Extra"]
[Source "ChessBase"]
[SourceDate "2012.10.19"]
[SourceVersion "1"]
[SourceVersionDate "2012.10.19"]
[SourceQuality "1"]

1. e4 e5 2. Nf3 Nf6 3. Nxe5 d6 4. Nf3 Nxe4 5. d4 d5 6. Bd3 Bd6 7. 0-0 0-0 8. h3 h6 9. c4 c6 10. Nc3 Nxc3 11. bxc3 dxc4 12. Bxc4 Qf6 13. Re1 Bf5 14. a4 Nd7 15. Ba3 Bxa3 16. Rxa3 Rfe8 17. Rxe8+ Rxe8 18. a5 b6 19. axb6 axb6 20. Bd3 Bxd3 21. Qxd3 b5 22. Ra7 Nb6 23. Ne5 Nc4 24. Nxc4 bxc4 25. Qd2 1/2-1/2

[Event "Astrakhan op"]
[Site "Astrakhan"]
[Date "2012.08.20"]
[Round "6"]
[White "Steyn, Valery"]
[Black "Genov, Ilya"]
[Result "1/2-1/2"]
[WhiteElo "2204"]
[BlackElo "2102"]
[PlyCount "48"]
[EventDate "2012.08.15"]
[EventType "swiss"]
[EventRounds "9"]
[EventCountry "RUS"]
[SourceTitle "CBM 150 Extra"]
[Source "ChessBase"]
[SourceDate "2012.10.19"]
[SourceVersion "1"]
[SourceVersionDate "2012.10.19"]
[SourceQuality "1"]

1. e4 e5 2. Bc4 Nf6 3. d3 Nc6 4. Nf3 Be7 5. 0-0 0-0 6. Re1 d6 7. c3 Na5 8. Bb3 Nxb3 9. Qxb3 c6 10. h3 Qc7 11. Nbd2 Be6 12. Qc2 h6 13. Nf1 Nd7 14. g4 d5 15. Ng3 Rfe8 16. Kh2 dxe4 17. dxe4 Rad8 18. Kg1 Nc5 19. b3 Nd3 20. Be3 Nf4 21. Nf5 Bf8 22. Bxf4 exf4 23. g5 hxg5 24. Nxg5 Bxf5 1/2-1/2

[Event "Astrakhan op"]
[Site "Astrakhan"]
[Date "2012.08.17"]
[Round "3"]
[White "Yakovlev, Egor"]
[Black "Steyn, Valery"]
[Result "1/2-1/2"]
[WhiteElo "1941"]
[BlackElo "2204"]
[PlyCount "52"]
[EventDate "2012.08.15"]
[EventType "swiss"]
[EventRounds "9"]
[EventCountry "RUS"]
[SourceTitle "CBM 150 Extra"]
[Source "ChessBase"]
[SourceDate "2012.10.19"]
[SourceVersion "1"]
[SourceVersionDate "2012.10.19"]
[SourceQuality "1"]

1. Nf3 Nf6 2. c4 d5 3. cxd5 Nxd5 4. e4 Nb6 5. d4 Bg4 6. h3 Bxf3 7. gxf3 g6 8. Nc3 Bg7 9. Be3 0-0 10. Qd2 Nc6 11. Rd1 e5 12. d5 Nd4 13. Bxd4 exd4 14. Nb5 Qf6 15. f4 Rae8 16. Bg2 Nxd5 17. 0-0 Nxf4 18. Nxc7 Qg5 19. f3 Nxh3+ 20. Kh1 Rc8 21. Qxg5 Nxg5 22. Nd5 Rfe8 23. Rd2 Kf8 24. Re1 f5 25. e5 Ne6 26. f4 Bh6 1/2-1/2

[Event "Astrakhan Ritminform"]
[Site "Astrakhan"]
[Date "2011.12.11"]
[Round "2"]
[White "Kamaletdinov, Farit"]
[Black "Steyn, Valery"]
[Result "0-1"]
[WhiteElo "1974"]
[BlackElo "2202"]
[PlyCount "82"]
[EventDate "2011.12.10"]
[EventType "tourn"]
[EventRounds "9"]
[EventCountry "RUS"]
[SourceTitle "EXT 2013"]
[Source "ChessBase"]
[SourceDate "2012.11.22"]
[SourceVersion "1"]
[SourceVersionDate "2012.11.22"]
[SourceQuality "1"]

1. b4 e5 2. Bb2 Bxb4 3. Bxe5 f6 4. Bb2 d5 5. e3 Bf5 6. c4 Ne7 7. cxd5 Nxd5 8. a3 Be7 9. Nc3 Nb6 10. Nf3 0-0 11. Be2 c5 12. Qb3+ Kh8 13. d4 Nc6 14. dxc5 Bxc5 15. 0-0 Qe7 16. Rad1 Be6 17. Qc2 Na5 18. Qe4 Nac4 19. Bxc4 Nxc4 20. Na4 Nxb2 21. Nxb2 Bxa3 22. Nd3 Rfd8 23. Nd4 Bc4 24. Qg4 Bxd3 25. Rxd3 Bb2 26. Rfd1 Bxd4 27. Rxd4 Rxd4 28. Qxd4 b5 29. f4 a5 30. e4 h6 31. e5 fxe5 32. fxe5 Re8 33. Re1 a4 34. Re2 b4 35. Qd5 Rd8 36. Qe4 Qa7+ 37. Kf1 Rf8+ 38. Ke1 Qg1+ 39. Kd2 Rd8+ 40. Qd3 Rxd3+ 41. Kxd3 Qc5 0-1

[Event "Astrakhan-ch"]
[Site "Astrakhan"]
[Date "2011.11.23"]
[Round "5"]
[White "Steyn, Valery"]
[Black "Aslanparviz, Hooman"]
[Result "1-0"]
[WhiteElo "2202"]
[BlackElo "1881"]
[PlyCount "57"]
[EventDate "2011.11.19"]
[EventType "swiss"]
[EventRounds "9"]
[EventCountry "RUS"]
[SourceTitle "EXT 2013"]
[Source "ChessBase"]
[SourceDate "2012.11.22"]
[SourceVersion "1"]
[SourceVersionDate "2012.11.22"]
[SourceQuality "1"]

1. e4 c6 2. d4 d5 3. exd5 cxd5 4. Bd3 Nc6 5. c3 Nf6 6. Bf4 Qb6 7. b3 Bg4 8. f3 Bh5 9. Ne2 e6 10. h4 Bg6 11. g4 Be7 12. h5 Bxd3 13. Qxd3 h6 14. Nd2 Rd8 15. b4 e5 16. Bxe5 Nxe5 17. dxe5 d4 18. cxd4 Nd5 19. a3 Nf4 20. Nxf4 Rxd4 21. Nc4 Rxc4 22. Qxc4 Qe3+ 23. Ne2 0-0 24. Qe4 Qb6 25. Rd1 a5 26. Rd7 Re8 27. e6 Bxb4+ 28. axb4 Rxe6 29. Qd4 1-0

[Event "Astrakhan-ch"]
[Site "Astrakhan"]
[Date "2011.11.22"]
[Round "4"]
[White "Petrov, Petr T"]
[Black "Steyn, Valery"]
[Result "1/2-1/2"]
[WhiteElo "1896"]
[BlackElo "2202"]
[PlyCount "112"]
[EventDate "2011.11.19"]
[EventType "swiss"]
[EventRounds "9"]
[EventCountry "RUS"]
[SourceTitle "EXT 2013"]
[Source "ChessBase"]
[SourceDate "2012.11.22"]
[SourceVersion "1"]
[SourceVersionDate "2012.11.22"]
[SourceQuality "1"]

1. d4 Nf6 2. Nf3 d5 3. Bf4 e6 4. Nbd2 c5 5. dxc5 Bxc5 6. e3 0-0 7. Be2 a6 8. c3 b5 9. a4 b4 10. cxb4 Bxb4 11. 0-0 a5 12. Nd4 Na6 13. Rc1 Bd7 14. Bb5 Re8 15. N2f3 Ng4 16. Ne5 Nxe5 17. Bxe5 f6 18. Bg3 Nc5 19. Bxd7 Qxd7 20. Nb5 e5 21. f3 Rab8 22. b3 Red8 23. Be1 Rxb5 24. axb5 Qxb5 25. Bxb4 Qxb4 26. Rb1 d4 27. exd4 Rxd4 28. Qc2 Rd3 29. Qc4+ Kf8 30. Rfc1 Rxb3 31. Qxb4 axb4 32. Rxb3 Nxb3 33. Rb1 Nd4 34. Rxb4 Kf7 35. Kf2 g5 36. Rb6 Kg6 37. g4 h6 38. Ke3 Kf7 39. Ke4 Kg6 40. Ra6 Ne2 41. Rc6 Nd4 42. Rc8 Kg7 43. Rd8 Ne6 44. Rd6 Kf7 45. Rd1 Kg6 46. Rh1 Nf4 47. h4 gxh4 48. Rxh4 Ng2 49. Rh2 Nf4 50. Rd2 Ne6 51. Rd6 Nf4 52. Ra6 Ng2 53. Ra8 Nf4 54. Ra3 Ng2 55. Ra2 Nf4 56. Rh2 Ne6 1/2-1/2

[Event "Astrakhan-ch"]
[Site "Astrakhan"]
[Date "2011.11.20"]
[Round "2"]
[White "Ivlev, Aleksey"]
[Black "Steyn, Valery"]
[Result "1-0"]
[WhiteElo "1983"]
[BlackElo "2202"]
[PlyCount "63"]
[EventDate "2011.11.19"]
[EventType "swiss"]
[EventRounds "9"]
[EventCountry "RUS"]
[SourceTitle "EXT 2013"]
[Source "ChessBase"]
[SourceDate "2012.11.22"]
[SourceVersion "1"]
[SourceVersionDate "2012.11.22"]
[SourceQuality "1"]

1. Nf3 Nc6 2. c4 e5 3. Nc3 f5 4. d4 e4 5. d5 exf3 6. dxc6 bxc6 7. exf3 Bb4 8. Qc2 Qf6 9. Bd2 Ne7 10. Bd3 0-0 11. 0-0 Qh4 12. a3 Bd6 13. g3 Qh5 14. f4 Rf6 15. Be3 c5 16. f3 Bb7 17. Qf2 Rh6 18. Be2 Rb8 19. Rab1 Bc6 20. b4 Ng6 21. bxc5 Rxb1 22. Rxb1 Be7 23. Nd5 Kf7 24. g4 fxg4 25. fxg4 Qh3 26. f5 Ne5 27. Bxh6 Nxg4 28. Bxg4 Qxg4+ 29. Qg3 Bxc5+ 30. Be3 Qxc4 31. Bxc5 Qxd5 32. Qb3 1-0

[Event "Nevinnomyssk Rating 5th"]
[Site "Nevinnomyssk"]
[Date "2010.09.??"]
[Round "3"]
[White "Osmetkin, Anatoly"]
[Black "Steyn, Valery"]
[Result "0-1"]
[WhiteElo "2212"]
[BlackElo "2151"]
[PlyCount "66"]
[EventDate "2010.09.29"]
[EventType "swiss"]
[EventRounds "9"]
[EventCountry "RUS"]
[SourceTitle "EXT 2013"]
[Source "ChessBase"]
[SourceDate "2012.11.22"]
[SourceVersion "1"]
[SourceVersionDate "2012.11.22"]
[SourceQuality "1"]

1. e4 e6 2. Nf3 d5 3. Nc3 Nf6 4. Qe2 dxe4 5. Nxe4 Be7 6. g3 0-0 7. Bg2 Nbd7 8. 0-0 Rb8 9. d4 a6 10. Rd1 b6 11. Ne5 Bb7 12. Nc6 Bxc6 13. Nxf6+ Nxf6 14. Bxc6 a5 15. c4 Qd6 16. Bg2 Rfe8 17. Be3 Qd8 18. Rac1 Qc8 19. Bc6 Rd8 20. d5 exd5 21. cxd5 Bd6 22. Bg5 Qf5 23. h4 h6 24. Bxf6 Qxf6 25. Rc2 Bc5 26. Kg2 Rd6 27. Qf3 Qxf3+ 28. Kxf3 Rbd8 29. Rd3 Kf8 30. Rcd2 g6 31. a3 Kg7 32. h5 gxh5 33. Re2 Rxc6 0-1

[Event "Astrakhan Major Cup"]
[Site "Astrakhan"]
[Date "2010.08.31"]
[Round "11"]
[White "Smirnov, Alexandr A"]
[Black "Steyn, Valery"]
[Result "1-0"]
[WhiteElo "2233"]
[BlackElo "2151"]
[PlyCount "157"]
[EventDate "2010.08.21"]
[EventType "tourn"]
[EventRounds "11"]
[EventCountry "RUS"]
[EventCategory "2"]
[SourceTitle "EXT 2013"]
[Source "ChessBase"]
[SourceDate "2012.11.22"]
[SourceVersion "1"]
[SourceVersionDate "2012.11.22"]
[SourceQuality "1"]

1. e4 e5 2. Nc3 Nc6 3. g3 Bc5 4. Bg2 Nge7 5. Na4 Bb6 6. Ne2 d6 7. 0-0 0-0 8. Nxb6 axb6 9. d4 Nxd4 10. Nxd4 exd4 11. Qxd4 Nc6 12. Qc3 Be6 13. a3 Qc8 14. Re1 Bh3 15. Bh1 Qe6 16. b3 f6 17. f4 h5 18. Bb2 Rad8 19. Rad1 Qf7 20. Bf3 Bg4 21. Kg2 Qg6 22. h3 Bxf3+ 23. Qxf3 Rfe8 24. Rd5 h4 25. g4 Ne7 26. Rd3 Nc6 27. c4 Re7 28. Rde3 Rde8 29. Qd1 Qf7 30. Qd3 Rf8 31. Qc3 Qg6 32. R1e2 Rfe8 33. Qe1 Qh6 34. Rf3 Qh7 35. Rfe3 Qh6 36. Qf2 Qh7 37. Qf3 Qg6 38. Bc3 Rf8 39. Qf1 Rfe8 40. Qd1 Qf7 41. Qd3 Rf8 42. b4 Rd8 43. b5 Na5 44. Bxa5 bxa5 45. c5 Ree8 46. c6 b6 47. Qd4 Qe6 48. Kf3 Qf7 49. Rg2 d5 50. e5 fxe5 51. Rxe5 Rxe5 52. Qxe5 Re8 53. Qf5 Qxf5 54. gxf5 d4 55. f6 g6 56. Rxg6+ Kf7 57. Rg7+ Kxf6 58. Rxc7 Re3+ 59. Kg4 Rxa3 60. Rd7 d3 61. c7 Rc3 62. Rxd3 Rxc7 63. Rd6+ Ke7 64. Rxb6 Rc5 65. Kxh4 Kd7 66. Kg4 Kc7 67. Ra6 Rxb5 68. f5 Kb7 69. Re6 a4 70. f6 Rb1 71. Re3 Rf1 72. Kg5 Kc6 73. Kg6 Rg1+ 74. Kh7 Rf1 75. Kg7 Rg1+ 76. Kf8 Kd6 77. Rf3 Rb1 78. f7 Ke6 79. Kg8 1-0

[Event "Astrakhan Major Cup"]
[Site "Astrakhan"]
[Date "2010.08.23"]
[Round "3"]
[White "Shalimov, Valery"]
[Black "Steyn, Valery"]
[Result "1-0"]
[WhiteElo "2425"]
[BlackElo "2151"]
[PlyCount "67"]
[EventDate "2010.08.21"]
[EventType "tourn"]
[EventRounds "11"]
[EventCountry "RUS"]
[EventCategory "2"]
[SourceTitle "EXT 2013"]
[Source "ChessBase"]
[SourceDate "2012.11.22"]
[SourceVersion "1"]
[SourceVersionDate "2012.11.22"]
[SourceQuality "1"]

1. Nf3 d5 2. d4 Nf6 3. c4 dxc4 4. e3 e6 5. Bxc4 c5 6. 0-0 a6 7. Bb3 Be7 8. Qe2 0-0 9. Rd1 Nbd7 10. e4 cxd4 11. e5 Ne8 12. Rxd4 Qc7 13. Nc3 b5 14. Bf4 Bb7 15. Rad1 Nb6 16. h4 Bc5 17. R4d3 Qc6 18. Be3 Bxe3 19. Qxe3 Nc4 20. Bxc4 bxc4 21. Rd7 Rc8 22. h5 h6 23. Nh4 Rc7 24. R7d4 Qb6 25. R1d2 Qa5 26. f4 Rc5 27. Rd7 Bc6 28. Ra7 Qb6 29. Rxa6 Qxa6 30. Qxc5 Ba8 31. Rd7 Bc6 32. Ra7 Qc8 33. Qb6 Bd5 34. Nf5 1-0

[Event "Astrakhan Major Cup"]
[Site "Astrakhan"]
[Date "2010.08.22"]
[Round "2"]
[White "Steyn, Valery"]
[Black "Soshnikov, Mikhail"]
[Result "0-1"]
[WhiteElo "2151"]
[BlackElo "2282"]
[PlyCount "60"]
[EventDate "2010.08.21"]
[EventType "tourn"]
[EventRounds "11"]
[EventCountry "RUS"]
[EventCategory "2"]
[SourceTitle "EXT 2013"]
[Source "ChessBase"]
[SourceDate "2012.11.22"]
[SourceVersion "1"]
[SourceVersionDate "2012.11.22"]
[SourceQuality "1"]

1. e4 e6 2. d4 d5 3. Nd2 Nf6 4. e5 Nfd7 5. Bd3 c5 6. c3 Nc6 7. Ne2 cxd4 8. cxd4 Nb6 9. 0-0 Bd7 10. a3 a5 11. b3 Rc8 12. Bb2 Be7 13. f4 g6 14. g4 a4 15. b4 Nc4 16. Bxc4 dxc4 17. Ne4 Na7 18. N2c3 Bc6 19. Qd2 Nb5 20. Rad1 Nc7 21. Ng3 Nd5 22. Nce4 h5 23. gxh5 gxh5 24. Qe2 h4 25. Nh5 Kd7 26. Nhf6+ Bxf6 27. exf6 Rg8+ 28. Kh1 Kc7 29. Qxc4 Ne3 30. Qc5 Qd5 0-1

[Event "Astrakhan Major Cup"]
[Site "Astrakhan"]
[Date "2010.08.21"]
[Round "1"]
[White "Stambulian, Arsen"]
[Black "Steyn, Valery"]
[Result "1/2-1/2"]
[WhiteElo "2414"]
[BlackElo "2151"]
[PlyCount "40"]
[EventDate "2010.08.21"]
[EventType "tourn"]
[EventRounds "11"]
[EventCountry "RUS"]
[EventCategory "2"]
[SourceTitle "EXT 2013"]
[Source "ChessBase"]
[SourceDate "2012.11.22"]
[SourceVersion "1"]
[SourceVersionDate "2012.11.22"]
[SourceQuality "1"]

1. Nf3 d5 2. g3 Nf6 3. Bg2 g6 4. b4 Bg7 5. Bb2 0-0 6. 0-0 c6 7. d3 Nbd7 8. Nbd2 Re8 9. c4 e5 10. cxd5 Nxd5 11. Qb3 Qe7 12. a3 N7b6 13. Ne4 Be6 14. Nc5 Nf4 15. Qc2 Nxg2 16. Nxe6 Qxe6 17. Kxg2 e4 18. dxe4 Bxb2 19. Qxb2 Qxe4 20. e3 Rad8 1/2-1/2

[Event "RUS-chB U18"]
[Site "Dagomys"]
[Date "2009.04.21"]
[Round "7"]
[White "Steyn, Valery"]
[Black "Borisovsky, Viktor"]
[Result "0-1"]
[WhiteElo "2147"]
[BlackElo "2064"]
[PlyCount "57"]
[EventDate "2009.04.15"]
[EventType "swiss"]
[EventRounds "9"]
[EventCountry "RUS"]
[SourceTitle "EXT 2010"]
[Source "ChessBase"]
[SourceDate "2010.11.25"]
[SourceVersion "1"]
[SourceVersionDate "2010.11.25"]
[SourceQuality "1"]

1. e4 c5 2. Nf3 d6 3. c3 Nf6 4. Be2 Nc6 5. d4 cxd4 6. cxd4 Nxe4 7. d5 Qa5+ 8. Nc3 Nxc3 9. bxc3 Ne5 10. 0-0 g6 11. Nxe5 dxe5 12. Rb1 a6 13. Bf3 f5 14. Be3 Qc7 15. Qb3 Qd6 16. c4 e4 17. Qc3 Rg8 18. Rb6 Bg7 19. Qd2 Qe5 20. Bd1 Qc3 21. Ba4+ Kf7 22. Qe2 Rd8 23. Rd1 Qa5 24. Qc2 f4 25. Qxe4 fxe3 26. Re6 Qxa4 27. Rxe7+ Kf8 28. Rf1 e2 29. Qxe2 0-1

[Event "Nevinnomyssk"]
[Site "Nevinnomyssk"]
[Date "2009.02.28"]
[Round "11"]
[White "Steyn, Valery"]
[Black "Gutyakulov, Amal"]
[Result "1/2-1/2"]
[WhiteElo "2111"]
[BlackElo "1964"]
[PlyCount "26"]
[EventDate "2009.02.21"]
[EventType "tourn"]
[EventRounds "11"]
[EventCountry "RUS"]
[SourceTitle "EXT 2012"]
[Source "ChessBase"]
[SourceDate "2011.11.24"]
[SourceVersion "1"]
[SourceVersionDate "2011.11.24"]
[SourceQuality "1"]

1. d4 d5 2. c4 e6 3. Nc3 Nf6 4. Bg5 Be7 5. Nf3 h6 6. Bh4 0-0 7. e3 b6 8. Bd3 Bb7 9. 0-0 Nbd7 10. Rc1 c5 11. Qe2 Rc8 12. Rfd1 Ne4 13. Bxe7 Qxe7 1/2-1/2

[Event "Nevinnomyssk"]
[Site "Nevinnomyssk"]
[Date "2009.02.27"]
[Round "10"]
[White "Shadura, Aleksandr"]
[Black "Steyn, Valery"]
[Result "1/2-1/2"]
[WhiteElo "1880"]
[BlackElo "2111"]
[PlyCount "113"]
[EventDate "2009.02.21"]
[EventType "tourn"]
[EventRounds "11"]
[EventCountry "RUS"]
[SourceTitle "EXT 2012"]
[Source "ChessBase"]
[SourceDate "2011.11.24"]
[SourceVersion "1"]
[SourceVersionDate "2011.11.24"]
[SourceQuality "1"]

1. e4 c5 2. Nc3 Nf6 3. g3 d5 4. exd5 Nxd5 5. Ne4 e6 6. Bg2 Nc6 7. Nf3 Be7 8. d4 cxd4 9. Nxd4 Ndb4 10. Nxc6 Qxd1+ 11. Kxd1 Nxc6 12. Be3 f5 13. Nc5 Bf6 14. c3 Na5 15. Na6 Kd8 16. Kc2 Bd7 17. Rad1 Kc8 18. Nc5 Rd8 19. Nxd7 Rxd7 20. Rxd7 Kxd7 21. Rd1+ Kc7 22. f4 Nc4 23. Bc1 h6 24. Re1 Nd6 25. Rxe6 Kd7 26. Re1 Rc8 27. Bd5 Rc5 28. Be6+ Kc6 29. Be3 Ra5 30. Rd1 g6 31. b4 Ra3 32. Bb3 a5 33. Bc1 axb4 34. Bxa3 bxa3 35. Bd5+ Kc5 36. Kb3 g5 37. Be6 Kc6 38. Kxa3 gxf4 39. gxf4 Bh4 40. Kb3 Bf2 41. Rd3 h5 42. c4 b6 43. a4 Kc7 44. Rd5 Be3 45. Bxf5 Bxf4 46. h3 Nb7 47. Rd7+ Kc6 48. Rh7 Nc5+ 49. Kc2 Bg3 50. Rxh5 Nxa4 51. Be6 Kd6 52. Bd5 Bf4 53. Rh7 Nc5 54. h4 b5 55. Bg8 b4 56. h5 b3+ 57. Kb1 1/2-1/2

[Event "Nevinnomyssk"]
[Site "Nevinnomyssk"]
[Date "2009.02.26"]
[Round "8"]
[White "Tekeyev, Yusuf"]
[Black "Steyn, Valery"]
[Result "1/2-1/2"]
[WhiteElo "2161"]
[BlackElo "2111"]
[PlyCount "77"]
[EventDate "2009.02.21"]
[EventType "tourn"]
[EventRounds "11"]
[EventCountry "RUS"]
[SourceTitle "EXT 2012"]
[Source "ChessBase"]
[SourceDate "2011.11.24"]
[SourceVersion "1"]
[SourceVersionDate "2011.11.24"]
[SourceQuality "1"]

1. d4 d5 2. Nf3 c6 3. c4 e6 4. Qc2 f5 5. g3 Nf6 6. Bg2 Bd6 7. 0-0 0-0 8. b3 Qe7 9. Ne5 b6 10. Nd2 Bb7 11. Ndf3 a5 12. Bb2 Ne4 13. e3 Na6 14. Ne1 c5 15. a3 Rac8 16. N1d3 Rfd8 17. Rfc1 g5 18. Qe2 Qe8 19. Bf3 g4 20. Bxe4 dxe4 21. Nf4 cxd4 22. Bxd4 Bxe5 23. Bxe5 Nc5 24. Qb2 Nd3 25. Qc3 Rc5 26. Bf6 Rd7 27. Rd1 Kf7 28. Bh4 e5 29. Nxd3 exd3 30. Rxd3 Ke6 31. Rad1 Rcc7 32. Qd2 Rxd3 33. Qxd3 Rd7 34. Qxd7+ Qxd7 35. Rxd7 Kxd7 36. Bf6 Bf3 37. Bxe5 Be2 38. Bc3 Kc6 39. Kg2 1/2-1/2

[Event "Nevinnomyssk"]
[Site "Nevinnomyssk"]
[Date "2009.02.21"]
[Round "1"]
[White "Sarmutkin, Sergey"]
[Black "Steyn, Valery"]
[Result "0-1"]
[WhiteElo "2010"]
[BlackElo "2111"]
[PlyCount "50"]
[EventDate "2009.02.21"]
[EventType "tourn"]
[EventRounds "11"]
[EventCountry "RUS"]
[SourceTitle "EXT 2012"]
[Source "ChessBase"]
[SourceDate "2011.11.24"]
[SourceVersion "1"]
[SourceVersionDate "2011.11.24"]
[SourceQuality "1"]

1. e4 e6 2. d4 d5 3. Nd2 Nc6 4. Ngf3 Nf6 5. e5 Nd7 6. c3 f6 7. Bb5 fxe5 8. Bxc6 bxc6 9. dxe5 Ba6 10. Qa4 Bb5 11. Qg4 Nc5 12. c4 dxc4 13. 0-0 Qd5 14. Rd1 0-0-0 15. Re1 Nd3 16. Re4 Bc5 17. Re2 c3 18. bxc3 Nxc1 19. Re4 Ne2+ 20. Kh1 Nxc3 21. Ree1 h5 22. Qg5 Bxf2 23. Rec1 Ne2 24. Rcb1 h4 25. a4 Ng3+ 0-1

[Event "Moscow op-B 04th"]
[Site "Moscow"]
[Date "2008.02.08"]
[Round "7"]
[White "Steyn, Valery"]
[Black "Gerasimov, Nikolay P"]
[Result "1-0"]
[WhiteElo "1984"]
[BlackElo "2199"]
[PlyCount "105"]
[EventDate "2008.02.02"]
[EventType "swiss"]
[EventRounds "9"]
[EventCountry "RUS"]
[SourceTitle "CBM 122 Extra"]
[Source "ChessBase"]
[SourceDate "2008.03.04"]
[SourceVersion "1"]
[SourceVersionDate "2008.03.04"]
[SourceQuality "1"]

1. e4 c5 2. Nf3 d6 3. c3 Nf6 4. Be2 Nbd7 5. d3 g6 6. 0-0 Bg7 7. h3 0-0 8. Be3 b6 9. Qd2 Bb7 10. Bh6 c4 11. Bxg7 Kxg7 12. g4 cxd3 13. Bxd3 Nc5 14. Re1 d5 15. e5 Nfe4 16. Qe3 f5 17. exf6+ exf6 18. b4 Nxd3 19. Qxd3 Qc8 20. Nd4 Re8 21. Re3 Ng5 22. Nd2 Rxe3 23. Qxe3 Qe8 24. Qg3 Rc8 25. f4 Ne4 26. Nxe4 dxe4 27. f5 Qe5 28. Qe3 Bd5 29. a4 a6 30. Rd1 Bf7 31. Rf1 g5 32. Ne2 Rc6 33. Rd1 Rd6 34. Ng3 Bb3 35. Rxd6 Qxd6 36. Kf2 Bxa4 37. Qxe4 Bc6 38. Qe3 Kf7 39. Ne2 Bd5 40. Qd4 Qc6 41. Ng3 Bg2 42. Qd3 a5 43. b5 Qd5 44. Qe2 Bxh3 45. Ne4 h5 46. gxh5 Bxf5 47. Ng3 Bd3 48. Qe3 Qxb5 49. Qf3 Qd7 50. h6 Bg6 51. Ne4 Bxe4 52. Qxe4 f5 53. Qe3 1-0